| 000 | 00569nam a22001932 4500 | ||
|---|---|---|---|
| 001 | 0000013100 | ||
| 005 | 20151217155854.0 | ||
| 008 | 090601s xx 000 0 eng d | ||
| 040 |
_aKABU _cKABU |
||
| 110 | 2 |
_aIndependent Medico Legal Unit. _@0000170218 |
|
| 245 | 1 | 0 |
_aUnderstanding torture in Kenya : _ban impirical assessment / _cIMLU. |
| 250 | _a1st ed. | ||
| 260 |
_aNairobi : _bIMLU, _c2007. |
||
| 300 | _a72 p. | ||
| 650 | 0 |
_aTorture _zKenya. _@0000170219 |
|
| 908 | _a090601 | ||
| 950 | _@1 | ||
| 999 |
_c13573 _d13573 |
||